Accounting principles / (Record no. 321)

MARC details
000 -LEADER
fixed length control field 00690cac a22002051u 4500
008 - FIXED-LENGTH DATA ELEMENTS--GENERAL INFORMATION
fixed length control field 081215s2002 nyu|||||r|||| 00| 0 eng d
010 ## - LIBRARY OF CONGRESS CONTROL NUMBER
LC control number 2001268002
020 ## - INTERNATIONAL STANDARD BOOK NUMBER
International Standard Book Number 0471412899 (v. 1 : alk. paper)
020 ## - INTERNATIONAL STANDARD BOOK NUMBER
International Standard Book Number 0471382280
082 00 - DEWEY DECIMAL CLASSIFICATION NUMBER
Classification number 657
Item number WُEY
Edition number 22
245 10 - TITLE STATEMENT
Title Accounting principles /
Statement of responsibility, etc Jerry J. Weygandt, Donald E. Kieso, Paul D. Kimmel.
250 ## - EDITION STATEMENT
Edition statement 6th ed.
260 ## - PUBLICATION, DISTRIBUTION, ETC. (IMPRINT)
Place of publication, distribution, etc New York :
Name of publisher, distributor, etc John Wiley & Sons,
Date of publication, distribution, etc 2002.
300 ## - PHYSICAL DESCRIPTION
Extent 1 v. :
Other physical details col. ill. ;
Dimensions 28 +
Accompanying material 1 computer optical disc (4 3/4 in.)
500 ## - GENERAL NOTE
General note Includes indexes.
505 1# - FORMATTED CONTENTS NOTE
Formatted contents note v. 1. Chapters 1-13 -- v. 2. Chapters 14-27.
650 #0 - SUBJECT ADDED ENTRY--TOPICAL TERM
Topical term or geographic name as entry element Accounting.
9 (RLIN) 33327
700 1# - ADDED ENTRY--PERSONAL NAME
Personal name Kieso, Donald E.
9 (RLIN) 33328
942 ## - ADDED ENTRY ELEMENTS (KOHA)
Item type Book - Borrowing
Call number prefix 657WEY
Source of classification or shelving scheme Dewey Decimal Classification
Holdings
Withdrawn status Item status Source of classification or shelving scheme Damaged status Not for loan Vendor Home library Current library Shelving location Date acquired Source of acquisition Cost, normal purchase price Total Checkouts Full call number Barcode Date last seen Cost, replacement price Koha item type Total Renewals Date last borrowed
    Dewey Decimal Classification       Central Library Central Library First floor 01/03/2006   350.00 1 657 WEY 000004339 15/07/2025 437.50 NB - Book (Non borrowing)    
    Dewey Decimal Classification       Central Library Central Library First floor 01/03/2006   350.00 8 657 WEY 000004338 15/07/2025 437.50 Book - Borrowing 45 17/03/2022